书目信息 |
| 题名: |
闪击英雄
|
|
| 作者: | 古德林 著 ;钮先钟 译 | |
| 分册: | ||
| 出版信息: | 北京 战士出版社 1981 |
|
| 页数: | 566页 | |
| 开本: | 19cm | |
| 丛书名: | ||
| 单 册: | ||
| 中图分类: | K835.165.2 | |
| 科图分类: | ||
| 主题词: | 军事人物--生平事迹--德国 | |
| 电子资源: | ||
| ISBN: | ||
| 000 | 00714nam0 2200265 45 | |
| 001 | 0181010110 | |
| 005 | 20060731145011.65 | |
| 010 | @dCNY2.20 | |
| 091 | @aCN@b5185.4 | |
| 100 | @a19950524d1981 em y0chiy0121 ea | |
| 101 | 0 | @achi |
| 102 | @aCN@b110000 | |
| 105 | @ay z 000yc | |
| 200 | 10 | @a闪击英雄@Ashan ji ying xiong@f(德)古德林著@g钮先钟译 |
| 210 | @a北京@c战士出版社@d1981 | |
| 215 | @a566页@d19cm | |
| 300 | @a内部发行 | |
| 300 | @a作者是德国装甲兵创始人之一 | |
| 606 | @a军事人物@x生平事迹@y德国 | |
| 690 | @aK835.165.2@v3 | |
| 701 | 1 | @a古德林@Agu de lin@4著 |
| 702 | 0 | @a钮先钟@Aniu xian zhong@4译 |
| 801 | 2 | @aCN@bNLC@c20060731 |
| 801 | 0 | @aCN@bTSSF |
| 905 | @a10447@dK835.165.2@e471 | |
| 闪击英雄/(德)古德林著/钮先钟译.-北京:战士出版社,1981 |
| 566页;19cm |
| 内部发行.-作者是德国装甲兵创始人之一 |
| ISBN :CNY2.20 |
| ● |
| 相关链接 |
|
|
|
|
正题名:闪击英雄
索取号:K835.165.2/471
 
预约/预借
| 序号 | 登录号 | 条形码 | 馆藏地/架位号 | 状态 | 备注 |
| 1 | 0443883 | 204438830 | 密集书库/ [索取号:K835.165.2/471] | 在馆 |